| 000 | 00986nam a2200301Ia 4500 | ||
|---|---|---|---|
| 003 | OSt | ||
| 005 | 20221007123654.0 | ||
| 006 | a|||||r|||| 00| 0 | ||
| 007 | ta | ||
| 008 | 221006b |||||||| |||| 00| 0 eng d | ||
| 020 |
_a8173194343 (pbk) _c390.00 |
||
| 024 | _a77435 | ||
| 037 |
_b1891, 28/03/2007, Unilib Book Distributors _cTextbook |
||
| 040 |
_aPAPL _cPAPL _beng |
||
| 041 |
_2eng _aeng |
||
| 082 | _aB0b9S, P6-;2 Carpa | ||
| 100 | _aPatil P B | ||
| 245 | 0 |
_aNumerical computational methods _b Verma U P |
|
| 260 |
_aNew _bDelhi Narosa Publishing House _c2006 |
||
| 300 |
_axiii,669p. _ccm. |
||
| 500 | _aAppendix A-G 421-662p; Bibliography 663p; Index 664-669p | ||
| 650 | _a Computational methods | ||
| 650 |
_a Numerical solution _9717569 |
||
| 650 | _aPhysics | ||
| 700 | _a Verma U P | ||
| 942 |
_hB0b9S, P6-;2 Carpa _cTB _2CC |
||
| 999 |
_c1212297 _d1212297 |
||